Top 10 Soccer (Football) Players 2012/13 - Statistics

General Stats
  • This quiz has been taken 8,047 times
  • The average score is 6 of 10
Answer Stats
Rank Player % Correct
1 Lionel Messi
100%
2 Cristiano Ronaldo
99%
5 Andres Iniesta
71%
3 Xavi Hernandez
71%
8 Neymar Da Silva
65%
4 Wayne Rooney
52%
6 Zlatan Ibrahimovic
47%
7 Robin Van Persie
39%
9 Didier Drogba
30%
10 Wesley Sneijder
9%
No matching quizzes found
Score Distribution
Percent of People with Each Score
Percentile by Number Answered
Your Score History
You have not taken this quiz